| 000 | 00465nam a2200181Ia 4500 | ||
|---|---|---|---|
| 008 | 180207s9999 xx 000 0 und d | ||
| 020 | _a9781562825782 | ||
| 050 | _bE592 1968 | ||
| 100 | _aEnnis, Rees | ||
| 245 | _aMore of Brer rabbit's tricks / | ||
| 245 | _cby Ennis Rees ; illustrated by Edward Gorey. | ||
| 260 | _aNew York : | ||
| 260 | _bHopscotch Books, | ||
| 260 | _c1968 | ||
| 300 | _aunpaged : | ||
| 300 | _bchiefly colored ; | ||
| 300 | _c19cm. | ||
| 999 |
_c355651 _d355651 |
||